000 00485nam a2200193Ia 4500
001 13735
003 GE_BSU
008 181216s||||||||xx |||||||||||||| ||und||
040 _cGE_BSU
080 _a821.353.1-32
100 _aლორთქიფანიძე,ნიკო
245 _aიმერი
260 _aთბილისი
260 _bსახელგამი
260 _c1934
300 _a273გვ.14სმ.
653 _aიმერი
942 _cBK
999 _c46882
_d46882